Normal view
MARC view
- Sial, Safdar
Entry Personal Name
001 - CONTROL NUMBER
- control field: 85721
003 - CONTROL NUMBER IDENTIFIER
- control field: NUST
005 - DATE AND TIME OF LATEST TRANSACTION
- control field: 20211206103948.0
008 - FIXED-LENGTH DATA ELEMENTS
- fixed length control field: 211206|| aca||aabn | a|a d
040 ## - CATALOGING SOURCE
- Original cataloging agency: NUST
- Transcribing agency: NUST
100 ## - HEADING--PERSONAL NAME
- Personal name: Sial, Safdar
670 ## - SOURCE DATA FOUND
- Source citation: Work cat.: (NUST)0: Rānā, Muḥammad ʻĀmir. 85717, Dynamics of Taliban insurgency in FATA /, 2010.
